Normal view
MARC view
- الاعاقة العقلية-الارشاد النفسي - رعاية الوالدين
Entry Topical Term
001 - CONTROL NUMBER
- control field: 61773
003 - CONTROL NUMBER IDENTIFIER
- control field: JO-AjAnu
005 - DATE AND TIME OF LATEST TRANSACTION
- control field: 20230606084106.0
008 - FIXED-LENGTH DATA ELEMENTS
- fixed length control field: 230606|| aca||aabn | a|a d
040 ## - CATALOGING SOURCE
- Original cataloging agency: JO-AjAnu
- Transcribing agency: JO-AjAnu
150 ## - HEADING--TOPICAL TERM
- Topical term or geographic name entry element: الاعاقة العقلية-الارشاد النفسي - رعاية الوالدين
670 ## - SOURCE DATA FOUND
- Source citation: Work cat.: (JO-AjAnu)31507: اعداد الغامدي، مازن عبد الحمن، اعداد محمد محجوب احمد, author 61772, الارشاد النفسي لذوي الاعاقة العقلية واسرهم